Highest populated countries with exceptions - Statistics

General Stats
  • This quiz has been taken 63 times
  • The average score is 28 of 30
Answer Stats
Population Continent Answer % Correct
84,3 m Asia/Europe Turkey
100%
65,2 m Europe France
98%
83,7 m Europe Germany
98%
60,4 m Europe Italy
98%
37,8 m Europe Poland
98%
67,8 m Europe United Kingdom
98%
43,8 m Africa Algeria
96%
89,5 m Africa D.R Congo
96%
83,9 m Asia Iran
96%
53,7 m Africa Kenya
96%
46,7 m Europe Spain
96%
43,7 m Europe Ukraine
96%
50,8 m South America Colombia
94%
32,9 m South America Peru
94%
51,2 m Asia South Korea
94%
59,7 m Africa Tanzania
94%
45,1 m South America Argentina
92%
37,7 m North America Canada
92%
40,2 m Asia Iraq
92%
54,4 m Asia Myanmar
92%
68,7 m Asia Thailand
92%
59,3 m Africa South Africa
90%
43,8 m Africa Sudan
90%
97,3 m Asia Vietnam
90%
36,9 m Africa Morocco
88%
34,8 m Asia Saudi Arabia
88%
32,8 m Africa Angola
83%
45,7 m Africa Uganda
83%
38,9 m Asia Afghanistan
81%
33,4 m Asia Uzbekistan
73%
No matching quizzes found
Score Distribution
Percent of People with Each Score
Percentile by Number Answered
Your Score History
You have not taken this quiz